000 00381nam a2200157Ia 4500
003 OSt
005 20240101072955.0
008 170524s9999 xx 000 0 und d
020 _a9789350512401
040 _cIIMT UNIVERSITY
100 _aMITHANI- DM
100 _c2012
245 0 _aMONEY BANKING INTER TRADE & PUBLIC FINANCE
260 _aHimalaya Pub. House
942 _2ddc
_c02
999 _c2552
_d2552